LIBRARY & INFORMATION CENTRE, KCAET, TAVANUR

ONLINE PUBLIC ACCESS CATALOGUE (OPAC)

Introduction to Transportation Engineering (Record no. 14442)

MARC details
000 -LEADER
fixed length control field 00347nam a22001337a 4500
022 ## - INTERNATIONAL STANDARD SERIAL NUMBER
ISSN 9780070702462
082 ## - DEWEY DECIMAL CLASSIFICATION NUMBER
Classification number 629.04
Item number BAN/IN
100 ## - MAIN ENTRY--AUTHOR NAME
Personal name Banks,James H.
245 ## - TITLE STATEMENT
Title Introduction to Transportation Engineering
250 ## - EDITION STATEMENT
Edition statement 2 nd
260 ## - PUBLICATION, DISTRIBUTION, ETC. (IMPRINT)
Place of publication New delhi
Name of publisher Tata McGraw Hill Education Private Limited
Year of publication 2012
300 ## - PHYSICAL DESCRIPTION
Number of Pages 502
942 ## - ADDED ENTRY ELEMENTS (KOHA)
Koha item type Books
Holdings
Withdrawn status Lost status Damaged status Collection code Home library Current library Shelving location Date acquired Source of acquisition Cost, normal purchase price Full call number Accession Number Koha item type
        KAUAET KAUAET General Stacks 30/03/2013 Aman Book Stall, Calicut 610.00 629.04 BAN/IN 24062 Books
free website counter